000 00594nam a2200241Ia 4500
003 OSt
005 20221005124304.0
006 a|||||r|||| 00| 0
007 ta
008 221004b |||||||| |||| 00| 0 kan d
024 _a60967
037 _cTextual
040 _aCRL
_cCRL
_bkan
041 _2kan
_akan
082 _aO33,3N4,4, J6
100 _aUsha Devi Au.
_9632527
245 0 _aMoggina jode
260 _c1956
650 _a KANNAD LITERATURE
650 _aKANNAD FICTION
942 _hO33,3N4,4, J6
_cTEXL
_2cc
999 _c1050022
_d1050022